000 01692nam a2200385 a 4500
001 ebr10520578
003 CaPaEBR
006 m u
007 cr cn|||||||||
008 040811s2005 lau sb 001 0 eng d
010 _z 2004019011
020 _z9780807130360
020 _z9780807147788 (e-book)
020 _z0807130362 (hardcover alk. paper)
040 _aCaPaEBR
_cCaPaEBR
035 _a(OCoLC)774295468
043 _an-us-la
050 1 4 _aF380.F8
_bB735 2005eb
082 0 4 _a976.3/0097541
_222
100 1 _aBrasseaux, Carl A.
245 1 0 _aFrench, Cajun, Creole, Houma
_h[electronic resource] :
_ba primer on francophone Louisiana /
_cCarl A. Brasseaux.
260 _aBaton Rouge :
_bLouisiana State University Press,
_cc2005.
300 _aix, 159 p.
504 _aIncludes bibliographical references and index.
505 0 _aThe remarkable diversity of Louisiana's French-speaking population, 1699-1999 -- Four hundred years of Acadian life in North America -- Creoles : a family portrait in black and white -- The Houma nation -- French Louisiana historiography.
533 _aElectronic reproduction.
_bPalo Alto, Calif. :
_cebrary,
_d2012.
_nAvailable via World Wide Web.
_nAccess may be limited to ebrary affiliated libraries.
650 0 _aFrench Americans
_zLouisiana
_xHistory.
650 0 _aCajuns
_zLouisiana
_xHistory.
650 0 _aCreoles
_zLouisiana
_xHistory.
650 0 _aHouma Indians
_xHistory.
651 0 _aLouisiana
_xHistory.
655 7 _aElectronic books.
_2local
710 2 _aebrary, Inc.
856 4 0 _uhttp://site.ebrary.com/lib/rucke/Doc?id=10520578
_zAn electronic book accessible through the World Wide Web; click to view
999 _c237784
_d237784